ბათუმის შოთა რუსთაველის სახელმწიფო უნივერსიტეტის ბიბლიოთეკა

რჩეული ორ წიგნად. (ბიბ.ჩანაწერი № 41744)

000 -LEADER
fixed length control field 00738nam a2200229Ia 4500
001 - CONTROL NUMBER
control field 8425
003 - CONTROL NUMBER IDENTIFIER
control field GE_BSU
008 - FIXED-LENGTH DATA ELEMENTS--GENERAL INFORMATION
fixed length control field 181216s||||||||xx |||||||||||||| ||und||
040 ## - CATALOGING SOURCE
Transcribing agency GE_BSU
080 ## - UNIVERSAL DECIMAL CLASSIFICATION NUMBER
Universal Decimal Classification number 821.353.1-11
100 ## - MAIN ENTRY--PERSONAL NAME
Personal name ვაჟა-ფშაველა
245 ## - TITLE STATEMENT
Title რჩეული ორ წიგნად.
245 ## - TITLE STATEMENT
Remainder of title წ. 2: პოემები.
245 ## - TITLE STATEMENT
Statement of responsibility, etc. რედ: ვახტანგ ჭელიძე; მხატვ: ლადო გრიგოლია.
260 ## - PUBLICATION, DISTRIBUTION, ETC.
Place of publication, distribution, etc. თბილისი.
260 ## - PUBLICATION, DISTRIBUTION, ETC.
Name of publisher, distributor, etc. საბჭ. საქართველო.
260 ## - PUBLICATION, DISTRIBUTION, ETC.
Date of publication, distribution, etc. 1970.
300 ## - PHYSICAL DESCRIPTION
Extent 160 გვ; 16 სმ.
300 ## - PHYSICAL DESCRIPTION
Other physical details 1 ფ. პორტ.
653 ## - INDEX TERM--UNCONTROLLED
Uncontrolled term პოემები.
942 ## - ADDED ENTRY ELEMENTS (KOHA)
Koha item type წიგნი
ეგზემპლარები
Withdrawn status Lost status Damaged status Not for loan Date acquired Barcode Date last seen Price effective from Koha item type
        2018-12-17 30522 2018-12-17 2018-12-17 წიგნი
        2018-12-17 30523 2018-12-17 2018-12-17 წიგნი